Pensamiento liberal en América Latina: selección de ensayos del primer premio de liberalismo en América /
Збережено в:
| Автор: | |
|---|---|
| Співавтори: | , |
| Формат: | Текст |
| Опубліковано: |
Bógota:
Editorial Retina
|
| Теги: |
Додати тег
Немає тегів, Будьте першим, хто поставить тег для цього запису!
|
MARC
| LEADER | 00000 a a2200000 04500 | ||
|---|---|---|---|
| 001 | 22840 | ||
| 003 | |||
| 040 | |a CRAI/IIS |c CRAI/IIS | ||
| 090 | |a 157300 | ||
| 100 | |a Klein, Harald | ||
| 110 | |a Fundación para la Libertad | ||
| 245 | |a Pensamiento liberal en América Latina: selección de ensayos del primer premio de liberalismo en América / |c Fundación para la Libertad | ||
| 260 | |a Bógota: |b Editorial Retina | ||
| 300 | |a 104 p. | ||
| 710 | |a Friedrich Naumann Stiftung | ||
| 999 | |c 3918 |d 3918 | ||
